000 00529nam a2200157 4500
999 _c17132
_d17132
008 220607b ||||| |||| 00| 0 eng d
022 _a0732-8435
082 _aDPer 657.05 C33 Jan - Apr 2011, v. 81 n 1 - 4
100 _aAnders, Susan B.
_942727
245 _aWebsite of the month:
_bnon-profit accounting basics/
_cSusan B. Anders.
260 _aNew York:
_bThe New York State Society of CPA,
_c2011.
300 _aV81 n1, pages 73;
_c28 cm.
500 _aThe CPA Journal.
650 _aAccounting.
_945518
942 _2ddc
_cPER